| 000 | 00816 am a2200253 a 4500 | ||
|---|---|---|---|
| 005 | 20240228095257.0 | ||
| 008 | 100705s1996||||ag # f |||| 000 0 spa d | ||
| 020 | _aS/N | ||
| 041 | _aspa | ||
| 092 |
_c616.9792 _l26 _sFRE |
||
| 100 | 1 |
_aFreedman, Margarita. _9266 |
|
| 245 |
_aAspectos psicológicos y psiquiátricos del sida / _cMargarita Freedman |
||
| 250 | _a1a ed. | ||
| 260 |
_aBuenos Aires: _bS/N; _c1996. |
||
| 300 | _a85 p. | ||
| 500 | _aFreedman, M. y García Novarini, R. (1996). Aspectos psicológicos y psiquiátricos del sida. (1a ed.). Buenos Aires : S/N. | ||
| 590 | _aDonación Cecilia Fontana, 2007 | ||
| 653 | _aMetáforas del SIDA | ||
| 653 | _aSexualidad y SIDA | ||
| 653 | _aConsejo (counselling) | ||
| 700 | 1 |
_aGarcía Novarini, Roberto. _9267 |
|
| 930 | _a1830 | ||
| 942 |
_2ddc _cBK |
||
| 999 |
_c477 _d477 |
||